000 01394nam2a22002771 4500
001 rc\146973
005 20030307112528.9
010 _a5-85255-237-2
_9100000
035 _a(NLR Aleph) 008754467
090 _a7827502
_c7827502
100 _a20030307d1993 u |0rusy50 ca
101 0 _arus
102 _aRU
105 _aa |||||||||
200 1 _aМореплаватели XVIII века
_f[Примеч. В. Невского]
210 _d1993
215 _a525, [1] с., [10] л. карт.
_cил., карт.
300 _aНа корешке только загл. кн.
320 _aБиблиогр. / В. Невский: с. 517-521
461 0 _1001rc\146971
_12001#$aИстория великих путешествий$eВ 3 кн.$e[Пер. с фр.]$f[Пер., лит. ред. текста и вступ. ст. Е. Брандиса]$vКн. 2
_1700#1$aВерн$bЖ.$gЖюль$f1828-1905
_97909114
_aВерн, Ж. (1828-1905)
_cМ.
_d1993-
_f[Пер., лит. ред. текста и вступ. ст. Е. Брандиса]
_nИзд. центр "Терра"
_oВ 3 кн. : [Пер. с фр.]
_tИстория великих путешествий
_vКн. 2
604 1 _150010$aМореплаватели XVIII века$2psbo
_tМореплаватели XVIII века
801 0 _aRU
_bNLR
_gpsbo
801 1 _aRU
_bELAR
_2rusmarc
852 _aNLR
_j92-5/3177
942 _cBOOK
980 _aNB